000 00371nam a2200133Ia 4500
008 100328s9999 xx 000 0 und d
082 _b10323
100 _aप्रभू बबन
245 _aपिलूचे लग्न
260 _bबलवंत
630 _aपिलूचे लग्न
730 _aपिलूचे लग्न
942 _cBOOK
999 _c505833
_d505830